000 01016nam a2200229 a 4500
001 61963
003 BD-RjUL
005 20211209081026.0
008 170122s1978 ii ||||| |||| 001 0 ben d
035 _a(BD-RjUL)62088
040 _aBD-RjUL
_bben
_cBD-RjUL
041 _aben
082 _223
_a491.2
_bPAR 1978
245 0 0 _aপরশুরামকল্পসূত্রম্ :
_b( মূল সংস্কৃত ও বঙ্গায়ানুবাদ সমেত ) /
_cউপেন্দ্রকুমার দাস সম্পাদিত
260 _aকলিকাতা :
_bনবভারত পাবলিশার্স,
_c১৯৭৮ [১৩৮৫]
300 _a৬০৪ পৃ. ;
_c২৩ সেমি.
500 _aনির্ঘণ্ট সংযুক্ত
650 _aসংস্কৃত ভাষা
_9177281
650 _aSanskrit Language
_9184408
700 _aদাস, উপেন্দ্রকুমার, সম্পাদক
_9179216
942 _2ddc
_cBK
999 _c61963
_d61963